LEADER 01105cam2 22002891 450 001 SOBE00049223 005 20151009161124.0 010 $a8817145084 100 $a20151009d1987 |||||ita|0103 ba 101 $aita 102 $aIT 105 $a E 200 0 $a1: A-K$fJean Chevalier, Alain Gheerbrant 210 $aMilano$cBiblioteca Universale Rizzoli$d1987 215 $aXXXVII, 561 p.$cill.$d18 cm 461 1$1001E600200026413$12001 $aDizionario dei simboli : miti, sogni, costumi, gesti, forme, figure, colori, numeri / Jean Chevalier, Alain Gheerbrant 801 0$aIT$bUNISOB$c20151009$gRICA 850 $aUNISOB 852 $aUNISOB$jConsultazione|Interna$m52665 852 $aUNISOB$j150$m53600 912 $aSOBE00049223 940 $aM 102 Monografia moderna SBN 941 $aW 957 $aConsultazione|Interna$b000027$i-1$gCON$d52665$racquisto$1bethb$2UNISOB$3UNISOB$420151009160103.0$520151009160133.0$6bethb 957 $a150$b002249$i-1$gCON$d53600$racquisto$1bethb$2UNISOB$3UNISOB$420151009161053.0$520151009161124.0$6bethb 996 $aA-K$9989393 997 $aUNISOB